[Event "Oberliga East 1992/93 (a)"]
[Site "masterchessopen.com Germany"]
[Round "0"]
[White "Reipsch Jens (GER)"]
[Black "Zander Arnim (GER)"]
[Result "0-1"]
[WhiteElo "2217"]
[BlackElo "2187"]

1.e4 c5 2.Nf3 d6 3.d4 cxd4 4.Nxd4 Nf6 5.Nc3 a6 6.Be2 e6 7.O-O Qc7 8.Kh1 b5
9.Bf3 Bb7 10.Bg5 Nbd7 11.a4 b4 12.Ncb5 axb5 13.Nxb5 Qb8 14.Qe1 Be7 15.Qxb4 d5
16.Qd2 dxe4 17.Be2 O-O 18.c4 Nc5 19.Qc2 Ng4 20.Bxg4 Bxg5 21.b4 Nd3 22.Rab1 Qf4
23.f3 Rfd8 24.c5 Bc6 25.Nc3 Qd2 26.Qxd2 Bxd2 27.b5 Bxc3 28.bxc6 e3 29.f4 Nf2+
30.Rxf2 exf2 31.c7 Rdc8 32.Bf3 Be1 {#R} 0-1

[Event "It (open)"]
[Site "masterchessopen.com Minsk (Belarus)"]
[Round "4"]
[White "Popova Natalija (BLR)"]
[Black "Algars Olle (SWE)"]
[Result "1-0"]
[WhiteElo "2347"]
[BlackElo "2094"]

1.e4 c5 2.Nf3 d6 3.d4 cxd4 4.Nxd4 Nf6 5.Nc3 a6 6.Be2 e6 7.O-O Qc7 8.a4 Be7
9.Be3 O-O 10.f4 Nbd7 11.Qe1 b6 12.f5 Nc5 13.Bf3 Bb7 14.Qg3 Kh8 15.fxe6 fxe6
16.b4 e5 17.Nf5 Ne6 18.Qe1 Rae8 19.Rb1 Bd8 20.Qd2 Nd4 21.Bxd4 exd4 22.Qxd4 Ng8
23.Qd3 Bf6 24.Ne2 Bg5 25.Rbd1 Re6 26.Kh1 Nh6 27.Neg3 Rc8 28.Qb3 Rg6 29.Rf2 Qd8
30.c4 Qe8 31.Qc2 Ng4 {#r} 1-0

[Event "Ch Romania (team)"]
[Site "masterchessopen.com Romania"]
[Round "0"]
[White "Sirbu Dana (ROM)"]
[Black "Andreescu Nicoleta Aurora (ROM)"]
[Result "1-0"]
[WhiteElo "2055"]
[BlackElo "2113"]

1.e4 c5 2.Nf3 d6 3.d4 cxd4 4.Nxd4 Nf6 5.Nc3 e6 6.Be2 a6 7.O-O Qc7 8.f4 b5
9.Bf3 Bb7 10.e5 b4 11.exf6 bxc3 12.fxg7 Bxg7 13.Bxb7 cxb2 14.Bxb2 Qxb7 15.Rb1
Nc6 16.Nxc6 Bxb2 17.Qxd6 Rc8 18.Rxb2 Rxc6 19.Qd4 {#r} 1-0

[Event "It (open)"]
[Site "masterchessopen.com Saint Martin (France & Netherl)"]
[Round "2"]
[White "Garcia Gildardo (COL)"]
[Black "Hoyos-Millan Luis Bernardo (COL)"]
[Result "1-0"]
[WhiteElo "2520"]
[BlackElo "2112"]

1.e4 c5 2.Nf3 e6 3.d4 cxd4 4.Nxd4 Nf6 5.Nc3 d6 6.Be2 a6 7.O-O Qc7 8.f4 Be7
9.Kh1 O-O 10.Be3 b5 11.e5 dxe5 12.fxe5 Nfd7 13.Bf4 Bb7 14.Bd3 Nc5 15.Qg4 Nxd3
16.cxd3 b4 17.Nce2 Kh8 18.Ng3 Qd7 19.Nh5 Rg8 20.Bg3 Nc6 21.Nf3 Rad8 22.Rad1 f5
23.exf6 gxf6 24.Qh4 Rdf8 25.d4 Qd5 26.b3 Nd8 27.Nf4 Qf5 28.d5 Rg4 29.Nd4 Qg5
30.Qxg5 fxg5 31.Nfxe6 Nxe6 32.dxe6 Rxf1+ 33.Rxf1 Kg8 34.Nf5 Bc5 35.Nh6+ {#r}
1-0

[Event "It (cat.4)"]
[Site "masterchessopen.com Las Palmas (Spain)"]
[Round "0"]
[White "Rivera Daniel (URU)"]
[Black "Gonzalez Intelangelo Gerardo (ESP)"]
[Result "1-0"]
[WhiteElo "2380"]
[BlackElo "2285"]

1.e4 c5 2.Nf3 d6 3.d4 cxd4 4.Nxd4 Nf6 5.Nc3 a6 6.Be2 e6 7.O-O Qc7 8.a4 b6 9.f4
Bb7 10.Bf3 Nc6 11.Kh1 Be7 12.Nxc6 Bxc6 13.e5 dxe5 14.fxe5 Nd7 15.Bxc6 Qxc6
16.Qg4 O-O-O 17.Qe2 Kb7 18.Rxf7 Bb4 19.Bg5 Rdf8 20.Rxd7+ Qxd7 21.Qe4+ Qc6
22.Qxb4 Rf2 23.Rg1 Rhf8 24.Be3 Rf1 25.a5 b5 26.Ne4 Qd5 27.Qe7+ Kc6 28.Nf6 {#r}
1-0

[Event "Ch Netherlands (team)"]
[Site "masterchessopen.com Netherlands"]
[Round "2"]
[White "Schouten Henk (NED)"]
[Black "Hopman Pieter (NED)"]
[Result "0-1"]
[WhiteElo "2046"]
[BlackElo "2351"]

1.e4 c5 2.Nf3 e6 3.d4 cxd4 4.Nxd4 a6 5.Nc3 Qc7 6.Be2 Nf6 7.O-O d6 8.Be3 Nbd7
9.f4 b5 10.a3 Bb7 11.Bd3 Be7 12.Kh1 O-O 13.Qe2 Rfe8 14.Rae1 Bf8 15.Nf3 e5
16.fxe5 dxe5 17.Bd2 Rad8 18.Nh4 g6 19.Rf3 Bg7 20.Ref1 Re6 21.Rh3 Rd6 22.Nf3
Bc8 23.Ne1 Nb6 24.Rh4 Nc4 25.Bg5 Nxb2 26.Nd5 Nxd5 27.exd5 Nxd3 28.Nxd3 f6
29.Bh6 Bxh6 30.Rxh6 Qg7 31.Rh4 Rxd5 32.Qf2 Bf5 33.Nb4 {#R} 0-1

[Event "It"]
[Site "masterchessopen.com Paris (France)"]
[Round "0"]
[White "Lamoureux Charles (FRA)"]
[Black "Rotstein Arkadij (GER)"]
[Result "1-0"]
[WhiteElo "2420"]
[BlackElo "2505"]

1.e4 c5 2.Nf3 e6 3.d4 cxd4 4.Nxd4 a6 5.Nc3 Qc7 6.Be2 Nf6 7.O-O d6 8.f4 Be7
9.Be3 O-O 10.a4 b6 11.Bf3 Bb7 12.Qd2 Nbd7 13.Nb3 Rac8 14.Rad1 Qb8 15.Qf2 Ba8
16.Rfe1 Rfd8 17.Bd4 e5 18.Be3 Rc4 19.Nd2 Rc7 20.Qe2 b5 21.axb5 axb5 22.Qxb5
Qxb5 23.Nxb5 Rxc2 24.b3 d5 25.fxe5 Nxe5 26.exd5 Bb4 27.Nd4 Re8 28.Bg5 Bc5
29.Ne4 Nxf3+ 30.gxf3 Nxe4 31.Rxe4 Bd6 32.Be7 Bxd5 33.Bxd6 {#r} 1-0

[Event "Slovak League (1st) 1994/95"]
[Site "masterchessopen.com Slovakia"]
[Round "4"]
[White "Cimra Jozef (SVK)"]
[Black "Plachetka Tomas (SVK)"]
[Result "1-0"]
[WhiteElo "2165"]
[BlackElo "2230"]

1.e4 c5 2.Nf3 e6 3.d4 cxd4 4.Nxd4 Nf6 5.Nc3 d6 6.Be2 a6 7.O-O Qc7 8.a4 b6 9.f4
Bb7 10.Bf3 Nbd7 11.Kh1 Rd8 12.Qe1 Qc4 13.Nf5 g6 14.b3 Qc8 15.Ng3 Bg7 16.e5
dxe5 17.Bxb7 Qxb7 18.Ba3 exf4 19.Nge4 Nxe4 20.Nxe4 Nc5 21.Nxc5 bxc5 22.Bxc5
Qd5 23.Ba3 f3 24.gxf3 f5 25.Rd1 Qxd1 26.Qxe6# 1-0

[Event "Ch World (juniors) (under 14)"]
[Site "masterchessopen.com Szeged (Hungary)"]
[Round "0"]
[White "Sandhu Mario (AUT)"]
[Black "Solak Dragan (SRB)"]
[Result "0-1"]
[WhiteElo "2299"]
[BlackElo "2622"]

1.e4 c5 2.Nf3 e6 3.d4 cxd4 4.Nxd4 a6 5.Nc3 Qc7 6.Be2 Nf6 7.O-O d6 8.f4 b5 9.a3
Bb7 10.Bd3 Nbd7 11.Kh1 Be7 12.Qe1 O-O 13.Bd2 Rfe8 14.Qg3 Nc5 15.Rae1 Nfd7
16.f5 Bf6 17.fxe6 fxe6 18.Nf3 Ne5 19.Ng5 Qe7 20.b4 Ncd7 21.Nd5 exd5 22.exd5
Nf8 23.Rxf6 Qxf6 24.Rf1 Qe7 25.Rxf8+ Rxf8 26.Bxh7+ Kh8 27.Bf5 Rf6 28.Qh4+ Rh6
29.Nf7+ Qxf7 30.Bxh6 Qxf5 31.Bxg7+ Kxg7 32.Qe7+ Nf7 {#R} 0-1

[Event "Oberliga Baden 1993/94"]
[Site "masterchessopen.com Germany"]
[Date "1994.04.24"]
[Round "9"]
[White "Fehling Michael (GER)"]
[Black "Klumpp Jochen (GER)"]
[Result "0-1"]
[WhiteElo "2200"]
[BlackElo "2089"]

1.e4 c5 2.Nf3 d6 3.d4 cxd4 4.Nxd4 Nf6 5.Nc3 a6 6.Be2 e6 7.O-O Qc7 8.f4 Be7
9.Kh1 Nc6 10.Be3 Bd7 11.Qe1 O-O 12.Qg3 Kh8 13.Rad1 b5 14.a3 Rab8 15.e5 Ne8
16.Nxc6 Bxc6 17.Bd4 f5 18.exf6 Bxf6 19.Qe3 Bxd4 20.Qxd4 Rf6 21.Bd3 Qf7 22.Qe3
Rh6 23.Be4 d5 24.Bf3 b4 25.Ne2 bxa3 26.bxa3 Bb5 27.Rfe1 Nd6 28.Nd4 Nc4 29.Qc1
Bd7 30.Rd3 Qf6 31.f5 e5 32.Bxd5 exd4 33.Bxc4 Qd6 34.Qg5 Qxh2# 0-1

[Event "It (open)"]
[Site "masterchessopen.com Ceske Budejovice (Czech Republic)"]
[Round "1"]
[White "Prandstetter Eduard (CZE)"]
[Black "Hitzgerova Gabriela (CZE)"]
[Result "1-0"]
[WhiteElo "2380"]
[BlackElo "2145"]

1.e4 c5 2.Nf3 d6 3.d4 cxd4 4.Nxd4 Nf6 5.Nc3 a6 6.Be2 e6 7.O-O Qc7 8.f4 b5
9.Bf3 Bb7 10.e5 Nfd7 11.exd6 Bxd6 12.Bxb7 Qxb7 13.Nxe6 Qb6+ 14.Nd4 Bc5 15.Re1+
Kf8 16.Be3 Nf6 17.Kh1 Ra7 18.b4 Bxb4 19.Ndxb5 Rd7 20.Bxb6 Rxd1 21.Raxd1 Nbd7
22.Nc7 Bxc3 23.Rxd7 {#r} 1-0

[Event "It (open)"]
[Site "masterchessopen.com Copenhagen (Denmark)"]
[Round "1"]
[White "Sylvan Jacob (DEN)"]
[Black "Maksimenko Andrei (UKR)"]
[Result "0-1"]
[WhiteElo "2200"]
[BlackElo "2550"]

1.e4 c5 2.Nf3 e6 3.d4 cxd4 4.Nxd4 Nf6 5.Nc3 d6 6.Be2 a6 7.O-O Qc7 8.Be3 b5
9.f3 Bb7 10.a3 Be7 11.Qe1 O-O 12.Bd3 Nbd7 13.g4 Ne5 14.g5 Nfd7 15.Qh4 g6 16.f4
Nc4 17.Rf3 Nxe3 18.Rxe3 Rfe8 19.f5 Qc5 20.Nce2 exf5 21.exf5 Ne5 22.Rf1 h6
23.f6 hxg5 24.Qxg5 Nxd3 25.Qxc5 Nxc5 26.fxe7 Ne4 27.Ng3 Rxe7 28.Rf4 Rae8
29.Ndf5 gxf5 30.Nxf5 Re6 {#R} 0-1

[Event "Tournament (open)"]
[Site "masterchessopen.com Hanoi (Vietnam)"]
[Round "0"]
[White "Nguyen Hoang Tuan (VIE)"]
[Black "Dao Thien Hai (VIE)"]
[Result "0-1"]
[WhiteElo "2217"]
[BlackElo "2545"]

1.e4 c5 2.Nf3 d6 3.d4 cxd4 4.Nxd4 Nf6 5.Nc3 a6 6.Be2 e6 7.O-O Qc7 8.f4 Be7
9.Be3 Nbd7 10.Qe1 b5 11.a3 Bb7 12.Bf3 O-O 13.g4 Nc5 14.Bf2 d5 15.e5 Nfe4
16.Nxe4 Nxe4 17.Bxe4 dxe4 18.Be3 Bd5 19.Qg3 f6 20.f5 fxe5 21.fxe6 Bc5 22.c3
Bb6 23.Nf5 Bxe6 24.Rad1 Rad8 25.Qf2 Bxe3 26.Qxe3 Rd3 27.Qg5 Bxf5 28.gxf5 Qb6+
29.Kh1 Rxd1 30.Rxd1 Qf6 31.Qxf6 Rxf6 32.Rd8+ Kf7 33.Rd7+ Kf8 34.Ra7 Rxf5
35.Rxa6 e3 {#R} 0-1

[Event "It (open) \"]
[Site "masterchessopen.com Kuopio (Finland)"]
[Round "0"]
[White "Alava Mikko (FIN)"]
[Black "Rytshagov Mikhail (EST)"]
[Result "0-1"]
[WhiteElo "2201"]
[BlackElo "2475"]

1.e4 c5 2.Nf3 e6 3.d4 cxd4 4.Nxd4 Nf6 5.Nc3 d6 6.Be2 a6 7.O-O Qc7 8.f4 Be7
9.Be3 O-O 10.Qe1 b5 11.a3 Bb7 12.Bd3 Nbd7 13.Qg3 Nc5 14.f5 e5 15.Bh6 Nh5
16.Qg4 exd4 17.f6 Bxf6 18.Rxf6 dxc3 19.Qxh5 gxh6 20.Rxh6 f6 {#R} 0-1

[Event "It (open)"]
[Site "masterchessopen.com Leeuwarden (Netherlands)"]
[Round "6"]
[White "Liss Eran (ISR)"]
[Black "Kharitonov Andrei V (RUS)"]
[Result "0-1"]
[WhiteElo "2480"]
[BlackElo "2550"]

1.e4 c5 2.Nf3 e6 3.d4 cxd4 4.Nxd4 a6 5.Nc3 Qc7 6.Be2 Nf6 7.O-O d6 8.f4 Be7
9.Be3 O-O 10.Qe1 b5 11.e5 dxe5 12.fxe5 Ne8 13.Qg3 Nd7 14.Nd5 exd5 15.Nf5 Nxe5
16.Nh6+ Kh8 17.Bd4 Bc5 18.Bxc5 Qxc5+ 19.Kh1 f6 {#R} 0-1

[Event "Ch Nassau Chess Club"]
[Site "masterchessopen.com Long Island (USA)"]
[Round "0"]
[White "Berg George P (USA)"]
[Black "Mirabile Tim (USA)"]
[Result "0-1"]
[WhiteElo "2040"]
[BlackElo "2154"]

1.e4 c5 2.Nf3 d6 3.d4 cxd4 4.Nxd4 Nf6 5.Nc3 a6 6.Be2 e6 7.O-O Qc7 8.f4 Be7
9.a4 b6 10.Bf3 Bb7 11.f5 e5 12.Nb3 Nbd7 13.Be3 Rc8 14.Rf2 Bc6 15.Qd3 Qb7
16.Nd5 Bxd5 17.exd5 Nc5 18.Nxc5 bxc5 19.c4 Rb8 20.Ra3 Bd8 21.a5 O-O 22.g4 e4
23.Bxe4 Nxg4 24.Rg2 Nxe3 25.Qxe3 Bf6 26.Qh6 Qb4 27.Ra1 Kh8 28.Qh5 Qxc4 29.Rg4
Rxb2 30.Bf3 Qd3 31.Rg3 Rfb8 32.Re1 {#R} 0-1

[Event "Ch World (juniors)"]
[Site "masterchessopen.com Sao Lourenco (Brazil)"]
[Round "8"]
[White "Lujan Carolina (ARG)"]
[Black "Paehtz Elisabeth (GER)"]
[Result "0-1"]
[WhiteElo "2350"]
[BlackElo "2461"]

1.e4 c5 2.Nf3 d6 3.d4 cxd4 4.Nxd4 Nf6 5.Nc3 a6 6.Be2 e6 7.O-O Qc7 8.f4 Be7
9.Kh1 Nc6 10.Be3 O-O 11.Qe1 Bd7 12.Qg3 Kh8 13.Rad1 Rac8 14.Nxc6 Bxc6 15.Bd3
Nd7 16.Qh3 Nc5 17.Bxc5 dxc5 18.e5 g6 19.Qh6 Rfd8 20.Be4 Rd4 21.Rfe1 Rcd8
22.Rc1 b5 23.Bxc6 Qxc6 24.Re3 Rd2 25.Rg1 Bf8 26.Qh4 R8d4 27.Rh3 h6 28.Qf6+ Kg8
29.f5 Rf4 30.a3 Rxg2 {#R} 0-1

[Event "Ch Croatia"]
[Site "masterchessopen.com Slavonski Brod (Croatia)"]
[Round "10"]
[White "Jukic Branimir (CRO)"]
[Black "Ljubicic Filip (CRO)"]
[Result "1-0"]
[WhiteElo "2400"]
[BlackElo "2345"]

1.e4 c5 2.Nf3 d6 3.d4 cxd4 4.Nxd4 Nf6 5.Nc3 a6 6.Be2 e6 7.O-O Qc7 8.f4 Be7
9.Kh1 Nc6 10.Be3 O-O 11.Qe1 Bd7 12.Qg3 b5 13.e5 Ne8 14.Ne4 f5 15.exf6 Nxf6
16.Ng5 Nxd4 17.Bxd4 h6 18.Bd3 e5 19.fxe5 Ng4 20.e6 h5 21.exd7 Bxg5 22.Be4 Rad8
23.Bd5+ Kh8 24.Qh3 Qxd7 25.Qxh5+ Bh6 26.Qg6 Rxf1+ 27.Rxf1 Re8 28.Be4 {#r} 1-0

[Event "Ch Provincial"]
[Site "masterchessopen.com Valencia (Spain)"]
[Round "4"]
[White "Minana Morant Miguel Angel (ESP)"]
[Black "Bixquert Jimenez Francisco (ESP)"]
[Result "0-1"]
[WhiteElo "2065"]
[BlackElo "1935"]

1.e4 c5 2.Nf3 e6 3.d4 cxd4 4.Nxd4 a6 5.Nc3 Qc7 6.Be2 Nf6 7.O-O d6 8.Be3 Be7
9.f4 O-O 10.Qe1 Nc6 11.Qg3 Bd7 12.Rae1 b5 13.a3 Nxd4 14.Bxd4 Bc6 15.Kh1 Qb7
16.Bd3 b4 17.Nd1 bxa3 18.bxa3 g6 19.Nf2 Nh5 20.Qf3 f5 21.Qe3 Nxf4 22.Qxf4 fxe4
23.Ng4 Rxf4 24.Nh6+ Kf8 25.Rxf4+ Ke8 26.Bxe4 e5 27.Bxc6+ Qxc6 28.Rfe4 Rb8
29.Bxe5 Qxe4 {#R} 0-1

[Event "It (open)"]
[Site "masterchessopen.com Velden (Austria)"]
[Round "0"]
[White "Mahdi Khaled (AUT)"]
[Black "Soln Primoz (SLO)"]
[Result "1-0"]
[WhiteElo "2425"]
[BlackElo "2280"]

1.e4 c5 2.Nf3 e6 3.Nc3 a6 4.d4 cxd4 5.Nxd4 d6 6.Be2 Nf6 7.O-O Qc7 8.f4 Nc6
9.Kh1 Be7 10.Bf3 O-O 11.Be3 Bd7 12.Nb3 Rab8 13.g4 Rfc8 14.g5 Ne8 15.Bg2 b5
16.a3 a5 17.Ne2 a4 18.Nbd4 Na5 19.c3 Nc4 20.Bc1 Qd8 21.h4 Bf8 22.f5 e5 23.Nc2
Bc6 24.Nb4 Bb7 25.Ng3 Nc7 26.Qh5 Qe8 27.Qg4 d5 28.Nh5 dxe4 29.Nf6+ gxf6
30.gxf6+ Kh8 31.Rg1 Qd8 32.Bxe4 Bxe4+ 33.Kh2 {#r} 1-0

[Event "It (open)"]
[Site "masterchessopen.com Balatonalmadi (Hungary)"]
[Round "8"]
[White "Frink Szabolcs (HUN)"]
[Black "Sandor Bela (HUN)"]
[Result "0-1"]
[WhiteElo "2086"]
[BlackElo "2330"]

1.e4 c5 2.Nf3 d6 3.d4 cxd4 4.Nxd4 Nf6 5.Nc3 a6 6.Be2 e6 7.O-O Qc7 8.Be3 Be7
9.Qd2 Bd7 10.a3 Nc6 11.Rac1 Rc8 12.f3 Ne5 13.h3 Nc4 14.Bxc4 Qxc4 15.Qf2 b5
16.Nb3 O-O 17.Rfd1 Qc7 18.Bb6 Qb8 19.Rd2 Bc6 20.Na5 Ba8 21.Rcd1 d5 22.exd5
Nxd5 23.Nxd5 Bxd5 24.Nb3 Rfe8 25.Nc1 Qxb6 {#R} 0-1

[Event "It (open) (active)"]
[Site "masterchessopen.com Barcelona (Spain)"]
[Round "2"]
[White "Sayrol Clols Jose M (ESP)"]
[Black "Vehi Bach Victor M (ESP)"]
[Result "0-1"]
[WhiteElo "2142"]
[BlackElo "2365"]

1.e4 c5 2.Nf3 e6 3.d4 cxd4 4.Nxd4 a6 5.Be2 Nf6 6.Nc3 Qc7 7.O-O d6 8.f4 Nbd7
9.g4 Nc5 10.Bf3 h6 11.g5 hxg5 12.fxg5 d5 13.Qe2 Nfxe4 14.Nxe4 Nxe4 15.Bxe4
dxe4 16.Bf4 Qb6 17.Qxe4 Bd7 18.Be3 Qc7 19.Bf4 Bd6 20.g6 O-O-O 21.gxf7 e5
22.Bg5 exd4 23.Bxd8 Bxh2+ 24.Kg2 {#R} 0-1

[Event "It (open)"]
[Site "masterchessopen.com Budapest (Hungary)"]
[Round "7"]
[White "Bigaliev Renat (RUS)"]
[Black "Dao Thien Hai (VIE)"]
[Result "1-0"]
[WhiteElo "2430"]
[BlackElo "2535"]

1.e4 c5 2.Nf3 d6 3.d4 cxd4 4.Nxd4 Nf6 5.Nc3 a6 6.Be2 e6 7.O-O Qc7 8.f4 Nbd7
9.Bf3 Be7 10.a4 h6 11.Kh1 Rg8 12.Be3 g5 13.f5 e5 14.Ne6 fxe6 15.Bh5+ Kd8
16.fxe6 Nb6 17.Bxb6 Qxb6 18.Rxf6 Bxf6 19.Nd5 Qd4 20.Qf3 Rf8 21.Qxf6+ {#r} 1-0

[Event "It (open)"]
[Site "masterchessopen.com Castellar (Spain)"]
[Round "0"]
[White "Rohl Juan (VEN)"]
[Black "Suba Mihai (ROM)"]
[Result "0-1"]
[WhiteElo "2395"]
[BlackElo "2520"]

1.e4 c5 2.Nf3 d6 3.d4 Nf6 4.Nc3 cxd4 5.Nxd4 e6 6.Be2 a6 7.O-O Qc7 8.a4 Be7
9.f4 O-O 10.Kh1 b6 11.Bf3 Bb7 12.e5 dxe5 13.fxe5 Nfd7 14.Bxb7 Qxb7 15.Bf4 Nc6
16.Qf3 Rfc8 17.Rad1 Ra7 18.Nxc6 Qxc6 19.Qg4 Nf8 20.Rd3 Ng6 21.Rh3 Qc4 22.Rd3
Nxe5 23.Qe2 Nxd3 24.cxd3 Qb3 {#R} 0-1

[Event "It (open)"]
[Site "masterchessopen.com Darmstadt (Germany)"]
[Round "0"]
[White "Cors Heinz-Friedrich (GER)"]
[Black "Pfrommer Christoph (GER)"]
[Result "0-1"]
[WhiteElo "1935"]
[BlackElo "2290"]

1.e4 c5 2.Nf3 e6 3.d4 cxd4 4.Nxd4 Nf6 5.Nc3 d6 6.Be2 a6 7.O-O Qc7 8.a4 b6 9.f4
Bb7 10.Bf3 Nbd7 11.f5 e5 12.Nb3 Be7 13.Kh1 Rc8 14.Qe2 Qc4 15.Re1 Qxe2 16.Rxe2
h6 17.Be3 O-O 18.Rd1 Rxc3 19.bxc3 Bxe4 20.Bxe4 Nxe4 21.Bd4 Ndf6 22.Rde1 exd4
23.Rxe4 Nxe4 24.Rxe4 Bf6 25.cxd4 Rc8 26.Re2 Rc4 27.a5 bxa5 28.Nxa5 Rxd4 29.Kg1
Kf8 30.g3 Rd5 31.Nc4 Bd4+ 32.Kg2 {#R} 0-1

[Event "Tournament (team)"]
[Site "masterchessopen.com Eislingen (Germany)"]
[Round "3"]
[White "Lisanti Andre (GER)"]
[Black "Schmaltz Roland (GER)"]
[Result "0-1"]
[WhiteElo "2335"]
[BlackElo "2440"]

1.e4 c5 2.Nf3 e6 3.d4 cxd4 4.Nxd4 a6 5.Be2 Qc7 6.O-O Nf6 7.Nc3 d6 8.g4 h6
9.Be3 b5 10.Bf3 Bb7 11.a3 Nbd7 12.Bg2 g5 13.Qe2 Ne5 14.f3 Be7 15.a4 b4 16.Na2
d5 17.exd5 Nxd5 18.c3 h5 19.h3 Nxe3 20.Qxe3 hxg4 21.Rfe1 Nxf3+ {#R} 0-1

[Event "It (open)"]
[Site "masterchessopen.com Krasnodar (Russia)"]
[Round "7"]
[White "Shchekachev Andrei (FRA)"]
[Black "Ivanov Mikhail M (RUS)"]
[Result "1-0"]
[WhiteElo "2560"]
[BlackElo "2465"]

1.e4 c5 2.Nf3 d6 3.d4 cxd4 4.Nxd4 Nf6 5.Nc3 a6 6.Be2 e6 7.O-O Qc7 8.f4 Nc6
9.Be3 Be7 10.a4 O-O 11.Kh1 Re8 12.Bf3 Rb8 13.g4 Bf8 14.g5 Nd7 15.Bg2 Nxd4
16.Bxd4 b6 17.Qh5 g6 18.Qh3 Bb7 19.f5 Ne5 20.f6 Bc6 21.Rf4 b5 22.Rh4 h5
23.Bxe5 dxe5 24.Bf3 b4 25.Bxh5 gxh5 26.Rxh5 Bg7 27.Rh7 {#r} 1-0

[Event "Ch Cuba"]
[Site "masterchessopen.com Las Tunas (Cuba)"]
[Round "7"]
[White "Arencibia Walter (CUB)"]
[Black "Leyva Ricardo (CUB)"]
[Result "1-0"]
[WhiteElo "2555"]
[BlackElo "2370"]

1.e4 c5 2.Nf3 d6 3.d4 cxd4 4.Nxd4 Nf6 5.Nc3 a6 6.Be2 e6 7.O-O Qc7 8.a4 b6 9.f4
Bb7 10.Bf3 Nc6 11.Be3 Be7 12.f5 e5 13.Nde2 Nb4 14.Ng3 d5 15.exd5 Rd8 16.Rf2
Nbxd5 17.Nxd5 Nxd5 18.Bxd5 Bxd5 19.Qg4 g6 20.f6 Bxf6 21.Rd1 Bb7 22.Rfd2 h5
23.Qg5 Qc6 24.Qxe5+ Kf8 25.Ne4 Qxe4 26.Qxe4 Bxe4 27.Rd6 Rxd6 28.Rxd6 Kg8
29.Rxb6 Bxc2 30.Rxa6 {#r} 1-0

[Event "It (open)"]
[Site "masterchessopen.com Linares (Spain)"]
[Round "3"]
[White "Dimitrov Vladimir (BUL)"]
[Black "Cvitan Ognjen (CRO)"]
[Result "1-0"]
[WhiteElo "2530"]
[BlackElo "2535"]

1.e4 c5 2.Nf3 e6 3.d4 cxd4 4.Nxd4 Nf6 5.Nc3 d6 6.Be2 a6 7.O-O Qc7 8.a4 Nc6
9.Be3 Be7 10.f4 O-O 11.Kh1 Re8 12.Bf3 Rb8 13.g4 Nxd4 14.Bxd4 b6 15.g5 Nd7
16.Bg2 Bb7 17.Qh5 g6 18.Qh3 Bf8 19.f5 Ne5 20.Rf4 Qd8 21.f6 h5 22.Rh4 Ng4
23.Bf3 e5 24.Bxg4 exd4 25.Bxh5 Bg7 26.Bxg6 fxg6 27.fxg7 {#r} 1-0

[Event "It (open) \"]
[Site "masterchessopen.com Pardubice (Czech Republic)"]
[Round "3"]
[White "Opravil Karel (CZE)"]
[Black "Ellers Holger (GER)"]
[Result "1-0"]
[WhiteElo "2068"]
[BlackElo "2305"]

1.e4 c5 2.Nf3 e6 3.Nc3 a6 4.d4 cxd4 5.Nxd4 Qc7 6.Be2 Nf6 7.O-O d6 8.a4 b6 9.f4
Bb7 10.Bf3 Nbd7 11.Kh1 h5 12.Qe2 Be7 13.e5 dxe5 14.fxe5 Ng4 15.Bxb7 Qxb7
16.Bf4 O-O-O 17.Qc4+ Bc5 18.Nb3 g5 19.Nxc5 Nxc5 20.Bxg5 Rdg8 21.Qf4 Kb8 22.h4
Nh6 23.b4 Nd7 24.Ne4 Nf5 25.Rad1 Rc8 26.Rd2 Rc4 27.Rfd1 Nf8 28.Rd8+ Ka7 29.Nc5
Rxf4 30.Nxb7 Rxb4 31.Nd6 Nxh4 32.Be7 Nfg6 33.Nc8+ {#r} 1-0

[Event "Memorial A.Rubinstein"]
[Site "masterchessopen.com Polanica Zdroj (Poland)"]
[Round "8"]
[White "Oll Lembit (EST)"]
[Black "Rublevsky Sergei (RUS)"]
[Result "1-0"]
[WhiteElo "2620"]
[BlackElo "2645"]

1.e4 c5 2.Nf3 e6 3.d4 cxd4 4.Nxd4 a6 5.Nc3 Qc7 6.Be2 Nf6 7.O-O d6 8.f4 Be7
9.a4 O-O 10.Kh1 b6 11.Bf3 Bb7 12.e5 dxe5 13.fxe5 Nfd7 14.Bxb7 Qxb7 15.Bf4 Bc5
16.Nf3 Nc6 17.Ne4 Be7 18.Qe2 Nc5 { ?! } ( 18...b5 { ! } ) 19.Nd6 Bxd6 20.exd6
Rad8 ( 20...e5 21.Be3 { ! } ) 21.Bg3 { ! ? } 21...Rfe8 22.c3 f5 ( 22...a5
23.Qc4 { ! } ) ( 22...f6 { !? } ) 23.Nd2 b5 24.axb5 Qxb5 ( 24...axb5 25.Qe3 {
! } ) 25.Qc4 { ! ± } 25...Ne4 { ? } ( 25...Ra8 { ? } 26.Rfe1 ( 26.Ra2 { ± } )
26...Kf7 27.Qh4 { ± } ) 26.Rxa6 { +?? } 26...Nxg3+ 27.hxg3 Qxb2 28.d7 ( 28.Nf3
Nb8 29.d7 Nxd7 30.Rxe6 Kh8 31.Ng5 Rf8 32.Qh4 { +?? } ) 28...Rxd7 29.Rxc6 Qxd2
30.Rxe6 Rxe6 31.Qxe6+ Rf7 32.Rxf5 Qd7 33.Qxf7+ Qxf7 34.Rxf7 Kxf7 35.Kg1 { }
{#r} 1-0

[Event "It (open)"]
[Site "masterchessopen.com Pula (Croatia)"]
[Round "0"]
[White "Jukic Branimir (CRO)"]
[Black "Palac Mladen (CRO)"]
[Result "0-1"]
[WhiteElo "2375"]
[BlackElo "2540"]

1.e4 c5 2.Nf3 d6 3.d4 cxd4 4.Nxd4 Nf6 5.Nc3 e6 6.Be2 a6 7.O-O Qc7 8.f4 Be7
9.Bf3 O-O 10.Kh1 Nc6 11.Nxc6 bxc6 12.e5 dxe5 13.fxe5 Nd5 14.Ne4 Qxe5 15.c4 Nb6
16.Qc2 Qc7 17.Bd2 a5 18.Rae1 e5 19.Ng5 f5 20.Nh3 Be6 21.b3 h6 22.Nf4 Bf7
23.Nh5 e4 24.Qc3 Bxh5 25.Bxh5 Bb4 26.Qc2 Bxd2 27.Qxd2 Qe5 28.Qf2 Nd7 29.Bg6
Nc5 30.Qg3 Qe6 31.h4 f4 {#R} 0-1

[Event "It (open)"]
[Site "masterchessopen.com Yerevan (Armenia)"]
[Round "9"]
[White "Sargissian Gabriel (ARM)"]
[Black "Lomineishvili Maia (GEO)"]
[Result "1-0"]
[WhiteElo "2270"]
[BlackElo "2320"]

1.e4 c5 2.Nf3 e6 3.d4 cxd4 4.Nxd4 a6 5.Nc3 Qc7 6.Be2 Nf6 7.O-O d6 8.f4 Be7
9.Bf3 Nbd7 10.Kh1 h6 11.Qe2 Rg8 12.f5 Ne5 13.fxe6 fxe6 14.Bf4 Bd7 15.a4 O-O-O
16.Ncb5 axb5 17.axb5 b6 18.Ra3 Kb7 19.Rc3 Qb8 20.Nc6 Bxc6 21.bxc6+ Kc7 22.Qb5
Nfg4 23.Bxg4 Nxg4 24.Ra3 Rc8 25.Rfa1 Kd8 26.Ra7 Bf6 27.Rd7+ Ke8 28.Rb7 {#r}
1-0

[Event "It (open)"]
[Site "masterchessopen.com Ano Liosia (Greece)"]
[Round "7"]
[White "Anagnostopoulos Dimitri (GRE)"]
[Black "Georgiev Krum (BUL)"]
[Result "1-0"]
[WhiteElo "2515"]
[BlackElo "2530"]

1.e4 c5 2.Nf3 d6 3.d4 cxd4 4.Nxd4 Nf6 5.Nc3 a6 6.Be2 e6 7.O-O Qc7 8.f4 Be7
9.Kh1 O-O 10.Qe1 Nc6 11.Be3 Nxd4 12.Bxd4 b5 13.a3 Bb7 14.Qg3 g6 15.f5 Rac8
16.Bd3 e5 17.Be3 Qd7 18.Rf2 Rxc3 19.bxc3 Rc8 20.Raf1 Nxe4 21.Bxe4 Bxe4 22.Bh6
Bd5 23.Rd1 Bc6 24.f6 Bd8 25.Qg5 Qe6 26.Bg7 Bb6 27.Rfd2 Bc5 28.Qh6 Qg4 29.Rf1
Qc4 30.Rd3 Qg4 31.Rg3 Qe2 32.Rg1 Qf2 33.Qxh7+ {#r} 1-0

[Event "Ch Belgium (team) 1996/97"]
[Site "masterchessopen.com Belgium"]
[Round "11"]
[White "Ghysels Chris (BEL)"]
[Black "Minnebo Alain (BEL)"]
[Result "1-0"]
[WhiteElo "2149"]
[BlackElo "2220"]

1.e4 c5 2.Nc3 e6 3.Nf3 d6 4.d4 cxd4 5.Nxd4 Nf6 6.Be2 a6 7.O-O Qc7 8.f4 Be7
9.Kh1 O-O 10.a4 Nc6 11.Be3 Rd8 12.Qe1 d5 13.exd5 exd5 14.Bf3 Bb4 15.Nxc6 bxc6
16.Bd4 Be7 17.a5 Rf8 18.Na4 Bf5 19.Qc3 Be4 20.Nc5 Bxf3 21.Rxf3 Bxc5 22.Bxf6
Qd6 23.Bxg7 d4 24.Rg3 {#r} 1-0